00638nam a2200133 a 450000100100000000500170001000800410002704000250006808200160009311000260010924503010013526000480043630000200048400003357720200930070347.0110831s1859 dr 000 0 spa d aDO-SdBNPbspacBNPHU axxxxbR426m1 aRepública Dominica.10aMemoria acerca de las circunstancias y principales y principales causas que provocaron los sucesos políticos ocurridos en la República desde el año de 1856 hasta el alzamiento Nacional de Inlio de 1857, dirijida por el Secretario encargado de las Relaciones Exteriores /cDon Pedro Santana. a[Santo Domingo] :bImpreta Nacional,c1859. a46 p. ;c21 cm.